[Event "C.to Europeo U16"]
[Site "Herceg Novi MNE"]
[Date "2006.09.11"]
[Round "2"]
[White "Bonafede, Alessandro"]
[Black "Golichenko, Ilija"]
[Result "1/2-1/2"]
[WhiteElo "2175"]
[BlackElo "2292"]
[PlyCount "47"]
[EventDate "2006.09.10"]

1. e4 c5 2. Nf3 d6 3. d4 cxd4 4. Nxd4 Nf6 5. Nc3 a6 6. Bg5 e6 7. f4 Nbd7 8. Qf3
Qc7 9. O-O-O b5 10. Bxb5 axb5 11. Ndxb5 Qb6 12. e5 Bb7 13. Qe2 dxe5 14. fxe5
Nd5 15. Nxd5 Bxd5 16. Rxd5 exd5 17. Nd6+ Bxd6 18. exd6+ Kf8 19. Qe7+ Kg8 20.
Qxd7 h6 21. Be7 Rxa2 22. Qc8+ Kh7 23. Qf5+ Kg8 24. Qc8+ 1/2-1/2

[Event "C.to Europeo U16"]
[Site "Herceg Novi MNE"]
[Date "2006.09.13"]
[Round "4"]
[White "Bonafede, Alessandro"]
[Black "Tereick, Benjamin"]
[Result "1/2-1/2"]
[WhiteElo "2175"]
[BlackElo "2262"]
[PlyCount "90"]
[EventDate "2006.09.10"]

1. e4 e6 2. d4 d5 3. e5 c5 4. c3 Nc6 5. Nf3 Bd7 6. a3 f6 7. b4 fxe5 8. dxe5 Qc7
9. Bf4 Nh6 10. Bd3 Nf7 11. Qe2 Be7 12. Nbd2 g5 13. Bg3 g4 14. Nh4 c4 15. Bc2
Ncxe5 16. O-O O-O-O 17. f4 gxf3 18. Nhxf3 Bd6 19. Nd4 h5 20. Rf6 Ng5 21. Bh4
Rdg8 22. Bxg5 Rxg5 23. N2f3 Nxf3+ 24. Nxf3 Rg7 25. Rxe6 Bxe6 26. Qxe6+ Kb8 27.
Bf5 Rf8 28. Qxd5 Be5 29. Be4 Rd8 30. Qxe5 Qxe5 31. Nxe5 Re8 32. Nc6+ bxc6 33.
Bxc6 Re3 34. Rc1 Rg6 35. Bd5 Ra6 36. Bxc4 Rxa3 37. Bf7 h4 38. c4 Rab3 39. b5
Rb2 40. h3 Re4 41. Bd5 Rf4 42. Ra1 Rd4 43. Kh2 Rc2 44. Rb1 Ra2 45. b6 axb6
1/2-1/2

[Event "C.to Europeo U16"]
[Site "Herceg Novi MNE"]
[Date "2006.09.14"]
[Round "5"]
[White "Roganovic, Milos"]
[Black "Bonafede, Alessandro"]
[Result "1-0"]
[WhiteElo "2293"]
[BlackElo "2175"]
[PlyCount "71"]
[EventDate "2006.09.10"]

1. e4 c5 2. Nf3 Nc6 3. d4 cxd4 4. Nxd4 Nf6 5. Nc3 e5 6. Ndb5 d6 7. Bg5 a6 8.
Na3 b5 9. Bxf6 gxf6 10. Nd5 Bg7 11. Bd3 Ne7 12. Nxe7 Qxe7 13. O-O O-O 14. c4 f5
15. Qf3 d5 16. cxd5 fxe4 17. Bxe4 Rb8 18. Rfd1 Qd7 19. d6 Rb6 20. Nc2 f5 21.
Bd5+ Kh8 22. Bb3 Bb7 23. Qh5 e4 24. Nd4 Bxd4 25. Rxd4 Rxd6 26. Rxd6 Qxd6 27.
Rd1 Qe7 28. Qh6 Bc8 29. Rc1 Re8 30. Qf4 Qf6 31. h4 Qxb2 32. Rc7 Qa1+ 33. Kh2
Qf6 34. Rf7 Qc6 35. Qg3 Qg6 36. Qc3+ 1-0

[Event "C.to Europeo U16"]
[Site "Herceg Novi MNE"]
[Date "2006.09.18"]
[Round "8"]
[White "Bonafede, Alessandro"]
[Black "Sfarlog, Tudor-Vlad"]
[Result "1/2-1/2"]
[WhiteElo "2175"]
[BlackElo "2120"]
[PlyCount "42"]
[EventDate "2006.09.10"]

1. e4 c6 2. d4 d5 3. e5 c5 4. dxc5 Nc6 5. Nf3 Bg4 6. Bb5 e6 7. Be3 Qa5+ 8. Nc3
a6 9. Bxc6+ bxc6 10. Qd4 Bxf3 11. gxf3 Ne7 12. b4 Qc7 13. Ne2 Nf5 14. Qc3 Be7
15. Ng3 Nh4 16. f4 a5 17. a3 axb4 18. axb4 Rxa1+ 19. Qxa1 Qb7 20. O-O O-O 21.
Qc3 Ra8 1/2-1/2

[Event "C.to Europeo U16"]
[Site "Herceg Novi MNE"]
[Date "2006.09.19"]
[Round "9"]
[White "Krstic, Petar"]
[Black "Bonafede, Alessandro"]
[Result "1/2-1/2"]
[WhiteElo "2203"]
[BlackElo "2175"]
[PlyCount "66"]
[EventDate "2006.09.10"]

1. e4 c5 2. Nf3 Nc6 3. d4 cxd4 4. Nxd4 Nf6 5. Nc3 e5 6. Ndb5 d6 7. Bg5 a6 8.
Na3 b5 9. Nd5 Be7 10. Bxf6 Bxf6 11. c4 b4 12. Nc2 a5 13. g3 O-O 14. Nxf6+ Qxf6
15. Bg2 Bb7 16. O-O Qd8 17. Qd3 Qb6 18. Rad1 Rfd8 19. Kh1 a4 20. b3 axb3 21.
axb3 Ra2 22. f4 Rda8 23. Rb1 Nd4 24. Nxd4 Qxd4 25. Qxd4 exd4 26. Rbd1 d3 27.
Bf3 f5 28. exf5 Bxf3+ 29. Rxf3 Rb2 30. Rfxd3 Raa2 31. Rxd6 Rxh2+ 32. Kg1 Rhg2+
33. Kh1 Rh2+ 1/2-1/2

[Event "C.to Europeo U14 femminile"]
[Site "Herceg Novi MNE"]
[Date "2006.09.10"]
[Round "1"]
[White "Casolino, Rosamaria"]
[Black "Schut, Donna"]
[Result "1-0"]
[WhiteElo "1593"]
[BlackElo "2016"]
[PlyCount "65"]
[EventDate "2006.09.10"]

1. e4 e6 2. d4 d5 3. Nd2 Nf6 4. e5 Nfd7 5. Bd3 c5 6. c3 Nc6 7. Ne2 cxd4 8. cxd4
f6 9. exf6 Nxf6 10. Nf3 Bd6 11. O-O Qc7 12. Re1 O-O 13. Ng3 Kh8 14. Bd2 e5 15.
dxe5 Nxe5 16. Nxe5 Bxe5 17. Rc1 Qd6 18. Qb3 a5 19. Be2 Ne4 20. Be3 a4 21. Qc2
Bf5 22. Bc5 Qh6 23. Bd3 Rf7 24. Be3 Qh4 25. Bxe4 Bxe4 26. Qc8+ Rf8 27. Qxb7
Rab8 28. Qd7 Bxb2 29. Rc7 Be5 30. Ra7 d4 31. Bxd4 Bxd4 32. Qxd4 Qg5 33. Nxe4
1-0

[Event "C.to Europeo U14 femminile"]
[Site "Herceg Novi MNE"]
[Date "2006.09.10"]
[Round "1"]
[White "Messina, Roberta"]
[Black "Paikidze, Nazi"]
[Result "0-1"]
[WhiteElo "1859"]
[BlackElo "2141"]
[PlyCount "54"]
[EventDate "2006.09.10"]

1. e4 c6 2. d4 d5 3. Nc3 dxe4 4. Nxe4 Bf5 5. Ng3 Bg6 6. Nf3 Nd7 7. h4 h6 8. h5
Bh7 9. Bd3 Bxd3 10. Qxd3 e6 11. Bf4 Ngf6 12. Ne4 Nxe4 13. Qxe4 Nf6 14. Qd3 Bd6
15. Be5 Qc7 16. Bxd6 Qxd6 17. Ne5 Qd5 18. Rh2 Rd8 19. Rd1 Qxa2 20. b3 Qa5+ 21.
Kf1 c5 22. Rh4 O-O 23. Qg3 cxd4 24. Ng4 Qg5 25. f4 Ne4 26. Qh2 Qb5+ 27. Kg1 d3
0-1

[Event "C.to Europeo U14 femminile"]
[Site "Herceg Novi MNE"]
[Date "2006.09.11"]
[Round "2"]
[White "Warakomska, Anna"]
[Black "Casolino, Rosamaria"]
[Result "1-0"]
[WhiteElo "1975"]
[BlackElo "1593"]
[PlyCount "53"]
[EventDate "2006.09.10"]

1. e4 e5 2. Nf3 Nf6 3. d4 Nxe4 4. Bd3 d5 5. Nxe5 Be7 6. O-O O-O 7. Nc3 Bf5 8.
Qf3 Nxc3 9. Qxf5 g6 10. Qf3 Ne4 11. Bxe4 dxe4 12. Qxe4 c6 13. Re1 Bf6 14. Qf3
Bxe5 15. dxe5 Nd7 16. Bh6 Re8 17. Rad1 Re6 18. Qd3 Qh4 19. Qxd7 Qxh6 20. Qxb7
Rae8 21. Qxa7 f6 22. Qe3 Qxe3 23. Rxe3 Rxe5 24. Rxe5 Rxe5 25. Kf1 f5 26. a4 Rc5
27. c3 1-0

[Event "C.to Europeo U14 femminile"]
[Site "Herceg Novi MNE"]
[Date "2006.09.12"]
[Round "3"]
[White "Casolino, Rosamaria"]
[Black "Miturova, Magdalena"]
[Result "1/2-1/2"]
[WhiteElo "1593"]
[BlackElo "1910"]
[PlyCount "26"]
[EventDate "2006.09.10"]

1. e4 e5 2. Nf3 Nc6 3. Bb5 a6 4. Bxc6 dxc6 5. O-O Bg4 6. h3 h5 7. d3 Qf6 8.
Nbd2 Bc5 9. Nc4 Bxf3 10. Qxf3 Qxf3 11. gxf3 f6 12. Be3 Bxe3 13. fxe3 O-O-O
1/2-1/2

[Event "C.to Europeo U14 femminile"]
[Site "Herceg Novi MNE"]
[Date "2006.09.13"]
[Round "4"]
[White "Anusca, Madalina-Maria"]
[Black "Casolino, Rosamaria"]
[Result "1-0"]
[WhiteElo "1945"]
[BlackElo "1593"]
[PlyCount "87"]
[EventDate "2006.09.10"]

1. e4 e5 2. d4 exd4 3. Qxd4 Nc6 4. Qe3 g6 5. Nc3 Bg7 6. Bd2 Nge7 7. O-O-O d6 8.
Bc4 Be6 9. Nd5 Qd7 10. Bc3 Ne5 11. Bxe5 Bxe5 12. Nf3 Bg7 13. Nd4 Bxd5 14. exd5
O-O 15. Qg5 h6 16. Qf4 Kh7 17. h4 Be5 18. Qe4 h5 19. Nf3 Bf6 20. Ng5+ Kg8 21.
Rdg1 Qf5 22. Qxf5 Nxf5 23. g4 Nxh4 24. gxh5 Bxg5+ 25. Rxg5 Nf3 26. Rg3 Ne5 27.
Be2 Kg7 28. f4 Nd7 29. Bb5 Nb6 30. f5 g5 31. h6+ Kh7 32. f6 Nxd5 33. Bd3+ Kh8
34. Rf1 Nf4 35. Rxg5 Nxd3+ 36. cxd3 Rae8 37. h7 Re3 38. Rfg1 Ree8 39. Kd2 c6
40. Kc3 b6 41. Rg7 a6 42. Rg8+ Rxg8 43. hxg8=Q+ Rxg8 44. Rh1# 1-0

[Event "C.to Europeo U14 femminile"]
[Site "Herceg Novi MNE"]
[Date "2006.09.14"]
[Round "5"]
[White "Lvova, Yulia"]
[Black "Casolino, Rosamaria"]
[Result "1/2-1/2"]
[WhiteElo "2016"]
[BlackElo "1593"]
[PlyCount "110"]
[EventDate "2006.09.10"]

1. d4 Nf6 2. c4 e6 3. Nc3 Bb4 4. Bd2 O-O 5. Qc2 d6 6. e4 Nbd7 7. f3 e5 8. d5 c5
9. O-O-O a6 10. g4 Bxc3 11. Bxc3 b5 12. Ne2 b4 13. Be1 a5 14. Ng3 a4 15. Qd2
Nb6 16. Bd3 Ba6 17. Qe2 Re8 18. Bd2 Nfd7 19. Kb1 Nf8 20. h4 Ng6 21. g5 Rf8 22.
Nf5 Bc8 23. Rdg1 Re8 24. h5 Nf4 25. Bxf4 exf4 26. Nh4 Qe7 27. Qd2 Qe5 28. Be2
Ba6 29. Rc1 Qxg5 30. Nf5 Qf6 31. Rhg1 g6 32. Qxf4 a3 33. Nh6+ Kg7 34. Qxf6+
Kxf6 35. b3 Rad8 36. Bd3 Nd7 37. f4 Ke7 38. Rce1 Kf8 39. Re2 Nf6 40. hxg6 hxg6
41. Ng4 Nh5 42. Rf2 Bc8 43. Nh2 Re7 44. Nf1 Nf6 45. Nd2 Ng4 46. Rf3 f5 47. Rh1
Rde8 48. Rh8+ Kf7 49. Rxe8 Rxe8 50. Kc1 Nf6 51. Re3 fxe4 52. Nxe4 Nxe4 53. Rxe4
Rxe4 54. Bxe4 Kf6 55. Kd2 Bg4 1/2-1/2

[Event "C.to Europeo U14 femminile"]
[Site "Herceg Novi MNE"]
[Date "2006.09.16"]
[Round "6"]
[White "Casolino, Rosamaria"]
[Black "Panic, Anastasija"]
[Result "1-0"]
[WhiteElo "1593"]
[BlackElo "1943"]
[PlyCount "85"]
[EventDate "2006.09.10"]

1. e4 c5 2. Nc3 Nc6 3. g3 g6 4. d3 Bg7 5. Be3 d6 6. Qd2 e6 7. Bg2 Rb8 8. Nf3 b5
9. O-O Nge7 10. Bh6 O-O 11. h4 b4 12. Nd1 f5 13. Bxg7 Kxg7 14. exf5 Nxf5 15.
Ne3 Nfd4 16. Nh2 Ne7 17. c3 Ndf5 18. Rae1 Nxe3 19. Rxe3 Nf5 20. Re2 Qb6 21. h5
c4 22. d4 e5 23. g4 Ne7 24. dxe5 dxe5 25. Rxe5 Ng8 26. cxb4 Qxb4 27. Qd4 Nf6
28. g5 Kg8 29. gxf6 Qxb2 30. f7+ Rxf7 31. Qd8+ Kg7 32. Re7 Be6 33. Rxf7+ Bxf7
34. Qg5 Kg8 35. hxg6 hxg6 36. Be4 Kg7 37. Ng4 Rb5 38. Qh6+ Kg8 39. Bxg6 Bxg6
40. Qxg6+ Qg7 41. Qxg7+ Kxg7 42. Rc1 Rc5 43. Ne3 1-0

[Event "C.to Europeo U14 femminile"]
[Site "Herceg Novi MNE"]
[Date "2006.09.17"]
[Round "7"]
[White "Savola, Laura"]
[Black "Casolino, Rosamaria"]
[Result "1-0"]
[WhiteElo "1924"]
[BlackElo "1593"]
[PlyCount "79"]
[EventDate "2006.09.10"]

1. d4 Nf6 2. Nf3 e6 3. c4 Bb4+ 4. Bd2 Bxd2+ 5. Qxd2 O-O 6. Nc3 d6 7. e3 Qe7 8.
Be2 e5 9. Qc2 b6 10. O-O Bb7 11. Rfd1 a6 12. Rac1 Nbd7 13. d5 Rfd8 14. Nd2 Rac8
15. Nf1 Nf8 16. Ng3 Ng6 17. Nf5 Qe8 18. a3 Ne7 19. Ng3 Ng6 20. Bd3 Ra8 21. Qe2
Bc8 22. h3 Bd7 23. Kh2 Rdb8 24. Rd2 Qc8 25. Rf1 Ne7 26. Rdd1 Nf5 27. Qc2 Nxg3
28. fxg3 Qe8 29. Rd2 Qe7 30. Rdf2 h6 31. Qe2 Rf8 32. Bb1 Rab8 33. Qc2 e4 34.
Rf4 Rbe8 35. Qd2 Qd8 36. Qd4 c6 37. Rxf6 gxf6 38. Nxe4 Rxe4 39. Qxe4 cxd5 40.
Qh7# 1-0

[Event "C.to Europeo U14 femminile"]
[Site "Herceg Novi MNE"]
[Date "2006.09.18"]
[Round "8"]
[White "Messina, Roberta"]
[Black "Olarasu, Ioana"]
[Result "1/2-1/2"]
[WhiteElo "1859"]
[BlackElo "1905"]
[PlyCount "112"]
[EventDate "2006.09.10"]

1. e4 e5 2. Nf3 Nc6 3. Bc4 Bc5 4. c3 Nf6 5. d3 h6 6. h3 O-O 7. Nbd2 Re8 8. O-O
d6 9. Re1 Bb6 10. Bb3 a6 11. Nf1 Be6 12. Ng3 Re7 13. Nh4 Re8 14. Nhf5 Ne7 15.
Qf3 Ng6 16. Nh5 Nxh5 17. Qxh5 Qf6 18. Be3 Ba7 19. Qf3 Nh4 20. Nxh4 Qxh4 21.
Bxa7 Rxa7 22. Bd5 c6 23. Bb3 Bxb3 24. axb3 Raa8 25. Re3 Re6 26. Qg3 Qe7 27. Rf3
Rg6 28. Qh2 Qg5 29. Rd1 Qh5 30. g4 Qh4 31. Qg3 Qg5 32. Rf5 Qe7 33. Kh2 Qe6 34.
c4 Rf6 35. Rxf6 Qxf6 36. Re1 Re8 37. Re3 c5 38. Qf3 Qd8 39. Qd1 Qa5 40. Qe1 Qb6
41. Qc3 a5 42. Re1 Qc7 43. Qd2 Re6 44. Re3 Rf6 45. Kg2 Rf4 46. Rf3 Rxf3 47.
Kxf3 b6 48. Kg2 Qe7 49. Qe3 Qd7 50. Qd2 Qa7 51. Qd1 Qa6 52. Qc2 b5 53. Kg3 b4
54. Qd1 Qc6 55. Qa1 Qc7 56. Qa4 Qd8 1/2-1/2

[Event "C.to Europeo U14 femminile"]
[Site "Herceg Novi MNE"]
[Date "2006.09.19"]
[Round "9"]
[White "Bulatkhanova, Bika"]
[Black "Messina, Roberta"]
[Result "0-1"]
[WhiteElo "2107"]
[BlackElo "1859"]
[PlyCount "112"]
[EventDate "2006.09.10"]

1. c4 b6 2. Nc3 e6 3. e4 Bb7 4. Nge2 Nf6 5. Ng3 d5 6. cxd5 exd5 7. exd5 Nxd5 8.
d4 Qe7+ 9. Nge2 g6 10. Nxd5 Bxd5 11. Be3 Bg7 12. Nc3 Bb7 13. Bb5+ Nd7 14. O-O
O-O 15. Qc2 Nf6 16. Rfe1 Qd6 17. Rad1 Ng4 18. g3 Nxe3 19. fxe3 a6 20. Bf1 Bf3
21. Be2 Bb7 22. Bf1 Bf3 23. Rc1 c5 24. dxc5 Qxc5 25. Bg2 Bxg2 26. Qxg2 Rae8 27.
Nd5 Qd6 28. Rc6 Qe5 29. Nxb6 Rd8 30. Nc4 Qb5 31. b3 Qb4 32. Rc1 a5 33. Ra6 Bh6
34. Qf2 Rd3 35. Re1 Qe7 36. Rxa5 Qd8 37. Ra7 Qb8 38. Re7 Qb4 39. Re4 Qb7 40.
Rd4 Bxe3 41. Rxe3 Rxd4 42. Qe2 Rdd8 43. a4 Qc6 44. a5 Rfe8 45. Qf3 Qc5 46. Kf2
Rxe3 47. Qxe3 Qf5+ 48. Qf3 Qc2+ 49. Qe2 Qxb3 50. Nb6 Qb4 51. Qe5 Qd2+ 52. Kf3
Qd1+ 53. Kf4 Rd4+ 54. Kg5 h6+ 55. Kxh6 Qd2+ 56. Qg5 Qxh2+ 0-1

[Event "C.to Europeo U14 femminile"]
[Site "Herceg Novi MNE"]
[Date "2006.09.19"]
[Round "9"]
[White "Olarasu, Ioana"]
[Black "Casolino, Rosamaria"]
[Result "1-0"]
[WhiteElo "1905"]
[BlackElo "1593"]
[PlyCount "63"]
[EventDate "2006.09.10"]

1. e4 e5 2. Nf3 Nf6 3. Nc3 Bb4 4. Qe2 Nc6 5. a3 Ba5 6. b3 O-O 7. Bb2 d6 8. h3
Be6 9. d3 Nd4 10. Qd1 Re8 11. Be2 d5 12. b4 Nxf3+ 13. Bxf3 Bb6 14. exd5 Nxd5
15. Nxd5 Bxd5 16. O-O e4 17. dxe4 Bxe4 18. Bxe4 Rxe4 19. Qf3 Qe7 20. Rad1 Re8
21. Bc3 Qh4 22. g3 Qg5 23. Rd7 Qg6 24. Rfd1 h6 25. Rd8 Kh7 26. R8d7 Re2 27. Bd4
Qxc2 28. Bxb6 axb6 29. Qxf7 Re1+ 30. Rxe1 Rxe1+ 31. Kh2 Qb2 32. Qf5+ 1-0

[Event "C.to Europeo U14"]
[Site "Herceg Novi MNE"]
[Date "2006.09.11"]
[Round "2"]
[White "Alonso Rosell, Alvar"]
[Black "Pomaro, Alberto"]
[Result "1-0"]
[WhiteElo "2196"]
[BlackElo "2046"]
[PlyCount "61"]
[EventDate "2006.09.10"]

1. d4 Nf6 2. c4 g6 3. Nc3 Bg7 4. g3 O-O 5. Bg2 d6 6. Nf3 Nc6 7. O-O e5 8. h3
exd4 9. Nxd4 Nxd4 10. Qxd4 Nd7 11. Qd2 Ne5 12. b3 c6 13. Bb2 Qc7 14. Rac1 Be6
15. b4 Nd7 16. Nd5 Bxd5 17. Bxg7 Kxg7 18. cxd5 c5 19. e4 Rac8 20. bxc5 Nxc5 21.
f4 Qb6 22. Kh2 Rfe8 23. Rfe1 f6 24. h4 Re7 25. e5 fxe5 26. fxe5 Rxe5 27. Rxe5
dxe5 28. d6 Rd8 29. Qg5 Re8 30. Rxc5 h6 31. d7 1-0

[Event "C.to Europeo U14"]
[Site "Herceg Novi MNE"]
[Date "2006.09.11"]
[Round "2"]
[White "Sjugirov, Sanan"]
[Black "Stella, Andrea"]
[Result "1-0"]
[WhiteElo "2444"]
[BlackElo "2120"]
[PlyCount "59"]
[EventDate "2006.09.10"]

1. e4 c5 2. Nf3 d6 3. d4 cxd4 4. Nxd4 Nf6 5. Nc3 a6 6. Bg5 e6 7. f4 Qb6 8. a3
Be7 9. Qd2 Nc6 10. O-O-O O-O 11. Nb3 Rd8 12. Bd3 Bd7 13. Kb1 Rac8 14. Qe1 Qc7
15. g4 Be8 16. Bxf6 Bxf6 17. g5 Bxc3 18. Qxc3 Ne7 19. Qd2 d5 20. e5 Qb6 21. h4
Bb5 22. Bxb5 Qxb5 23. Nd4 Qc4 24. h5 g6 25. hxg6 hxg6 26. Qh2 Kf8 27. Qh8+ Ng8
28. Rh7 Ke7 29. Qg7 Rf8 30. Qxg6 1-0

[Event "C.to Europeo U14"]
[Site "Herceg Novi MNE"]
[Date "2006.09.12"]
[Round "3"]
[White "Stella, Andrea"]
[Black "Graca, Robert"]
[Result "1/2-1/2"]
[WhiteElo "2120"]
[BlackElo "1958"]
[PlyCount "77"]
[EventDate "2006.09.10"]

1. e4 c5 2. Nf3 Nc6 3. d4 cxd4 4. Nxd4 g6 5. c4 Bg7 6. Be3 Nf6 7. Nc3 O-O 8.
Be2 b6 9. O-O Bb7 10. f3 e6 11. Ndb5 d5 12. cxd5 exd5 13. exd5 Nb4 14. d6 Nbd5
15. Bg5 Qd7 16. Ne4 a6 17. Nxf6+ Bxf6 18. Bxf6 Nxf6 19. Nc7 Rad8 20. Bxa6 Bc6
21. a4 Ne8 22. Nxe8 Rfxe8 23. Qd4 Qxd6 24. Qxb6 Rb8 25. Qf2 Rb4 26. Rfd1 Qf6
27. Rd2 Reb8 28. Bb5 Bxb5 29. axb5 R8xb5 30. Rb1 Rh5 31. h3 Qg5 32. Kf1 Rb3 33.
Rbd1 Qf4 34. Rd8+ Kg7 35. Qd4+ Qxd4 36. R8xd4 Rxb2 37. R4d2 Rbb5 38. Rd7 Rbc5
39. R7d2 1/2-1/2

[Event "C.to Europeo U14"]
[Site "Herceg Novi MNE"]
[Date "2006.09.13"]
[Round "4"]
[White "Bazeev, German"]
[Black "Pomaro, Alberto"]
[Result "1-0"]
[WhiteElo "2231"]
[BlackElo "2046"]
[PlyCount "155"]
[EventDate "2006.09.10"]

1. e4 e6 2. d4 d5 3. e5 c5 4. c3 Nc6 5. Nf3 Qb6 6. a3 c4 7. Nbd2 Na5 8. Be2 Bd7
9. O-O Ne7 10. Re1 Nc8 11. Nf1 Qc7 12. Qc2 Nb6 13. Bd1 O-O-O 14. Qe2 Kb8 15.
Bc2 h6 16. Ng3 Be7 17. Nh5 Rhg8 18. h3 Ba4 19. Be3 g6 20. Nf6 Bxc2 21. Qxc2 Rh8
22. g3 Ka8 23. h4 Bxf6 24. exf6 Rdf8 25. Rab1 Qd8 26. Bf4 Qxf6 27. Kg2 Qf5 28.
Qxf5 gxf5 29. Bd6 Re8 30. Ne5 Rh7 31. h5 Nc8 32. Bb4 Nb3 33. a4 a5 34. Bc5 Rg7
35. Nd7 Nxc5 36. dxc5 Rd8 37. Nf6 d4 38. cxd4 Rxd4 39. Rbd1 e5 40. Rxd4 exd4
41. Kf3 Rg5 42. Kf4 c3 43. bxc3 dxc3 44. Rc1 Ne7 45. Rxc3 Rxh5 46. Re3 Ng6+ 47.
Kf3 Rh1 48. Nd5 Rc1 49. Nc3 Kb8 50. Re8+ Kc7 51. Nb5+ Kd7 52. Rb8 Ne5+ 53. Kg2
Rxc5 54. Rxb7+ Ke6 55. Nd4+ Kd5 56. Nxf5 Ke6 57. Nd4+ Kd6 58. f4 Nd7 59. Nb5+
Ke6 60. Ra7 Rc4 61. Rxa5 Nc5 62. Nc7+ Kd7 63. Nd5 Kc6 64. Ne7+ Kd7 65. Nf5 Nxa4
66. Nxh6 Nc3 67. Nxf7 Ke6 68. Ng5+ Kf6 69. Ra6+ Kg7 70. Ra7+ Kf6 71. Kf3 Nd5
72. Ne4+ Kg6 73. g4 Rc7 74. f5+ Kg7 75. Rxc7+ Nxc7 76. Kf4 Kf7 77. Ke5 Ke8 78.
Nd6+ 1-0

[Event "C.to Europeo U14"]
[Site "Herceg Novi MNE"]
[Date "2006.09.13"]
[Round "4"]
[White "Mocanu, Sergiu"]
[Black "Stella, Andrea"]
[Result "1/2-1/2"]
[WhiteElo "1943"]
[BlackElo "2120"]
[PlyCount "32"]
[EventDate "2006.09.10"]

1. e4 c5 2. Nf3 d6 3. d4 cxd4 4. Nxd4 Nf6 5. Nc3 a6 6. Bg5 e6 7. Qe2 Qc7 8.
O-O-O Nc6 9. f3 Be7 10. Be3 b5 11. a3 Ne5 12. g4 h6 13. Bf4 Bd7 14. h4 Nc4 15.
Bd2 Nxd2 16. Qxd2 g6 1/2-1/2

[Event "C.to Europeo U14"]
[Site "Herceg Novi MNE"]
[Date "2006.09.14"]
[Round "5"]
[White "Pomaro, Alberto"]
[Black "Mocanu, Sergiu"]
[Result "1-0"]
[WhiteElo "2046"]
[BlackElo "1943"]
[PlyCount "65"]
[EventDate "2006.09.10"]

1. d4 Nf6 2. c4 d6 3. Nc3 e5 4. d5 g6 5. e4 Bg7 6. f3 c6 7. Be3 cxd5 8. cxd5
O-O 9. Qd2 a6 10. O-O-O b5 11. Kb1 Nbd7 12. g4 h5 13. h3 Nb6 14. Bg5 Qe8 15.
Bxf6 Bxf6 16. gxh5 Qe7 17. hxg6 Bg5 18. Qf2 b4 19. h4 Bh6 20. Nce2 Nc4 21. Nc1
Ne3 22. Re1 Nxf1 23. gxf7+ Rxf7 24. Rxf1 Kh7 25. Nh3 Bxh3 26. Rxh3 Bxc1 27.
Rxc1 Rg7 28. h5 Rag8 29. h6 Rg2 30. Qb6 Qf6 31. Qb7+ Kh8 32. Rc7 Qg6 33. Rg7
1-0

[Event "C.to Europeo U14"]
[Site "Herceg Novi MNE"]
[Date "2006.09.14"]
[Round "5"]
[White "Stella, Andrea"]
[Black "Petrisor, Adrian-Marian"]
[Result "1/2-1/2"]
[WhiteElo "2120"]
[BlackElo "2083"]
[PlyCount "39"]
[EventDate "2006.09.10"]

1. e4 c5 2. Nf3 Nc6 3. d4 cxd4 4. Nxd4 Nf6 5. Nc3 d6 6. Bg5 Qb6 7. Nb3 e6 8.
Bxf6 gxf6 9. Qd2 a6 10. O-O-O Bd7 11. f4 Qc7 12. Be2 b5 13. Bh5 b4 14. Ne2 Rc8
15. Kb1 Na5 16. Nxa5 Qxa5 17. Bg4 Qc5 18. Nd4 Bh6 19. g3 O-O 20. Bf3 1/2-1/2

[Event "C.to Europeo U14"]
[Site "Herceg Novi MNE"]
[Date "2006.09.16"]
[Round "6"]
[White "Baghdasaryan, Vahe"]
[Black "Pomaro, Alberto"]
[Result "0-1"]
[WhiteElo "1993"]
[BlackElo "2046"]
[PlyCount "63"]
[EventDate "2006.09.10"]

1. e4 e6 2. d4 d5 3. Nc3 Bb4 4. Nge2 dxe4 5. a3 Be7 6. Nxe4 Nf6 7. Qd3 Nbd7 8.
Bf4 O-O 9. O-O-O Nxe4 10. Qxe4 Nf6 11. Qf3 c6 12. Be5 Bd7 13. Nf4 b5 14. Bd3 a5
15. g4 Nd5 16. Qh3 g6 17. Kb1 Nxf4 18. Bxf4 b4 19. a4 Qb6 20. g5 Ra7 21. Be4 e5
22. Qh6 exf4 23. Rhe1 Bg4 24. Rd3 Qd8 25. Qh4 h5 26. f3 Bxg5 27. Qf2 Bh4 28.
Qg1 Bxe1 29. fxg4 Bh4 30. d5 Rd7 31. Rh3 Re8 32. Qg2 0-1

[Event "C.to Europeo U14"]
[Site "Herceg Novi MNE"]
[Date "2006.09.17"]
[Round "7"]
[White "Pomaro, Alberto"]
[Black "Shimanov, Aleksandr"]
[Result "0-1"]
[WhiteElo "2046"]
[BlackElo "2306"]
[PlyCount "52"]
[EventDate "2006.09.10"]

1. d4 d5 2. c4 c6 3. cxd5 cxd5 4. Nc3 Nf6 5. Bf4 Nc6 6. e3 a6 7. Nf3 Bg4 8. Bd3
e6 9. O-O Bd6 10. Bxd6 Qxd6 11. h3 Bh5 12. Rc1 O-O 13. Be2 Bxf3 14. Bxf3 Rac8
15. Ne2 Na5 16. Nf4 Nc4 17. Nd3 b6 18. Qe2 Rc7 19. Rc3 Rfc8 20. Rfc1 Ne8 21. g3
Qd8 22. Qe1 Ned6 23. Kg2 Nb5 24. R3c2 Nxe3+ 25. Qxe3 Rxc2 26. Rxc2 Rxc2 0-1

[Event "C.to Europeo U14"]
[Site "Herceg Novi MNE"]
[Date "2006.09.17"]
[Round "7"]
[White "Stella, Andrea"]
[Black "Tamazyan, Haik"]
[Result "0-1"]
[WhiteElo "2120"]
[BlackElo "1983"]
[PlyCount "78"]
[EventDate "2006.09.10"]

1. e4 e6 2. d4 d5 3. Nc3 Nf6 4. e5 Nfd7 5. f4 c5 6. Nf3 Nc6 7. Be3 Qb6 8. Na4
Qa5+ 9. c3 b6 10. Bd2 c4 11. b4 Nxb4 12. cxb4 Bxb4 13. Qc2 Bxd2+ 14. Nxd2 b5
15. Nc3 b4 16. Nce4 O-O 17. Ng5 g6 18. Rb1 Qb6 19. Ngf3 a5 20. Be2 Ba6 21. O-O
c3 22. Nb3 Bxe2 23. Qxe2 a4 24. Nc1 Rfc8 25. Qc2 Rc4 26. Kh1 Qb5 27. Re1 Nb8
28. g4 Nc6 29. f5 Nxd4 30. Nxd4 Rxd4 31. Qxc3 Rxg4 32. f6 bxc3 33. Rxb5 Rc8 34.
Nd3 Rd4 35. Nb4 Rd2 36. Rc1 h5 37. Ra5 g5 38. Rxa4 c2 39. a3 Rd1+ 0-1

[Event "C.to Europeo U14"]
[Site "Herceg Novi MNE"]
[Date "2006.09.18"]
[Round "8"]
[White "Chekhov, Sergei"]
[Black "Pomaro, Alberto"]
[Result "1-0"]
[WhiteElo "2165"]
[BlackElo "2046"]
[PlyCount "131"]
[EventDate "2006.09.10"]

1. d4 Nf6 2. c4 g6 3. Nc3 Bg7 4. e4 d6 5. g3 O-O 6. Bg2 Nc6 7. Nge2 a6 8. O-O
Rb8 9. h3 Bd7 10. Bg5 b5 11. cxb5 axb5 12. d5 Ne5 13. f4 Nc4 14. Qc1 Ne8 15. b3
Nb6 16. a3 c5 17. dxc6 Bxc6 18. Qd2 Nc7 19. Nd4 Bd7 20. Nd5 Ncxd5 21. exd5 h6
22. Bh4 Nxd5 23. Bxd5 Qb6 24. Rad1 Qc5 25. Bg2 e5 26. b4 Qb6 27. fxe5 dxe5 28.
Be7 Rfc8 29. Qf2 exd4 30. Qxf7+ Kh8 31. Rf6 Be8 32. Rxb6 Bxf7 33. Bc5 Rxb6 34.
Bxb6 Kg8 35. Rd2 Bc4 36. Bxd4 Rd8 37. Bc3 Rxd2 38. Bxd2 Bd4+ 39. Kh2 Bb2 40.
Bxh6 Bxa3 41. Bd2 Bd3 42. Bd5+ Kf8 43. Kg2 Ke7 44. Kf2 Kd6 45. Bf7 Ke7 46. Ke3
Bf5 47. Bd5 Bxh3 48. Kd4 Kf6 49. Kc3 Ke5 50. Bc6 Be6 51. Bxb5 Kf5 52. Be2 Ke4
53. Bf4 Kf5 54. Bd3+ Kf6 55. Be3 g5 56. Bc2 g4 57. Bf4 Bd5 58. Bb3 Bxb4+ 59.
Kxb4 Be4 60. Kc5 Kg6 61. Kd4 Bf3 62. Ke5 Be2 63. Bc2+ Kh5 64. Ba4 Kg6 65. Be8+
Kg7 66. Kf5 1-0

[Event "C.to Europeo U14"]
[Site "Herceg Novi MNE"]
[Date "2006.09.19"]
[Round "9"]
[White "Pomaro, Alberto"]
[Black "Kurkijarvi, Mikko"]
[Result "0-1"]
[WhiteElo "2046"]
[BlackElo "1962"]
[PlyCount "52"]
[EventDate "2006.09.10"]

1. d4 d5 2. c4 dxc4 3. Nc3 Nf6 4. e3 e6 5. Bxc4 c5 6. Nf3 Nc6 7. O-O a6 8. Bd3
Be7 9. dxc5 Bxc5 10. a3 b5 11. Qc2 Bb7 12. Rd1 Qe7 13. b4 Bb6 14. Bb2 Rc8 15.
Rac1 O-O 16. Ba1 Rfd8 17. Qb2 Qf8 18. Ne4 Nxe4 19. Bxe4 Rxd1+ 20. Rxd1 Rd8 21.
Rc1 Nxb4 22. Qb1 Bxe4 23. Qxe4 Nd3 24. Ng5 g6 25. Nxh7 Kxh7 26. Qh4+ Qh6 0-1